000 00310nam a22001217a 4500
999 _c8526
_d8526
008 200316b ||||| |||| 00| 0 eng d
100 _aKumar, Sanjay
245 _aCommunication Skills
250 _a2nd
_b2019
260 _aNew Delhi
_bOxford Publication
650 _aCommunication Skills
942 _2ddc
_cBK
_02